01305nam a2200289 i 450000100060000000300090000600500170001500700030003200800410003502000180007604000220009408000330011610000410014924501630019026000500035330000300040350001770043350400320061060000570064265500480069971000440074771000440079185200330083594200080086899900170087695201220089347793ES-MaACL20250817075548.0t|030528s2001 sp ||||0| spa j a84-87181-80-5 aM-BN bspa cM-BN a76 Callot, Jacques (083.824)1 aCallot, Jacques (d1592-1635)93375910aComedia y tragedia, Jacques Callot, 1592-1635 / c[organizada por] Calcografía Nacional, Real Academia de Bellas Artes de San Fernando, Philip Morris Spain. a[Madrid] : bCalcografía Nacional, c[2001] a133 p. : bil. ; c25 cm. aExposición: Museo de la Pasión, Fundación Municipal de Cultura, Valladolid, 29 noviembre 2001-13 enero 2002; Calcografía Nacional, Madrid, 14 febrero-17 marzo 2002. aBibliografía: p. 117-118.14aCallot, Jacques (d1592-1635)-vExposiciones.933760 72tgfbne9193628aCatálogos de exposiciones2 aMuseo de la Pasión (Valladolid)958562 aCalcografía Nacional (España)92350 aES-MaACLjL-26377 bR.131449 2udc c47793d47793 00104070aATENEOMbATENEOMcDEPO2d2008-01-17eSCl0oL-26377p1050296r2023-02-23 00:00:00w2023-02-23yMONOGRAFIA